000 00431nam a2200157 a 4500
001 000040196
005 20201002033957.0
008 130814s1966 ag 000 0 spa d
040 _aDO-SdBNP
_bspa
_cBNPHU
082 _axxx
100 1 _aCortázar, Julio
_922782
245 1 4 _aLas armas secretas /
_cJulio Cortázar.
250 _a4a ed.
260 _aBuenos Aires, Argentina :
_bSudamericana,
_c1966.
300 _a221 p. ;
_c18 cm.
999 _c39686
_d39686